000 00563pab a2200193 454500
008 180718b2017 xxu||||| |||| 00| 0 eng d
100 _aMartin, Leslie A.
245 _aIn with the big, out with the small: removing small-scale reservations in India
260 _c2017
300 _ap.354-386.
362 _aFeb
650 _aEmployment policy - India
650 _aIndia - Small scale industries
650 _aSmall scale industry
700 _aHarrison, Ann E.
700 _aNataraj, Shanthi
773 _aAmerican Economic Review
909 _a114376
999 _c114370
_d114370